Sustainable use of natural resources in the context of trade liberalization and export growth in Indonesia : (Registro nro. 5453)
[ vista simple ]
| 000 -CABECERA | |
|---|---|
| Campo de control | 01199nam a2200277 a 4500 |
| 005 - FECHA Y HORA DE LA ULTIMA TRANSACCION | |
| Campo de control | 20191217041929.0 |
| 008 - ELEMENTOS DE LONGITUD FIJA—INFORMACION GENERAL | |
| Campo de control | 060516s2005 sz a b i000 0 eng c |
| 020 ## - ISBN | |
| ISBN | 9280725327 |
| 040 ## - FUENTE DE CATALOGACIÓN | |
| Agencia catalogadora original | InIU-L |
| Agencia transcriptora | ILI |
| Agencia Modificadora | CO-BoIAVH |
| 041 0# - IDIOMA | |
| Código de idioma para texto/pista de sonido o título separado | Español |
| 044 ## - PAÍS DE PUBLICACIÓN | |
| País de publicación | Colombia |
| 082 04 - NUMERO DE CLASIFICACION DECIMAL DEWEY | |
| Número de clasificación | 333.72068 |
| Número del ítem | S96u |
| 245 00 - MENCION DE TITULO | |
| Título | Sustainable use of natural resources in the context of trade liberalization and export growth in Indonesia : |
| Parte restante del título | a study on the use of economic instruments in the pulp and paper industry. |
| 250 ## - MENCION DE EDICION | |
| Mención de edición | Primera edición |
| 260 ## - PUBLICACION, DISTRIBUCION, ETC. (PIE DE IMPRENTA) | |
| Lugar de publicación, distribución, etc. | Geneva (Suiza) : |
| Nombre del editor, distribuidor, etc. | United Nations Environment Programme, |
| Fecha de publicación, distribución, etc. | 2005. |
| 300 ## - DESCRIPCION FISICA | |
| Extensión | xiii, 54 páginas : |
| Otros detalles físicos | ilustraciones ; |
| Dimensiones | 30 x 21 cm. |
| 500 ## - NOTA GENERAL | |
| Nota general | "DTI/0618/PA"--P. [4] of cover. |
| 504 ## - NOTA DE BIBLIOGRAFIA, ETC. | |
| Nota de bibliografía | Includes bibliographical references (p. 43-45). |
| 650 26 - ASIENTO SECUNDARIO DE MATERIA - TERMINO TEMATICO | |
| Término temático o nombre geográfico como elemento de entrada | Industria maderera |
| Subdivisión geográfica | Indonesia |
| 9 (RLIN) | 86767 |
| 650 26 - ASIENTO SECUNDARIO DE MATERIA - TERMINO TEMATICO | |
| Término temático o nombre geográfico como elemento de entrada | Industria de la pasta y el papel |
| Subdivisión geográfica | Indonesia |
| 9 (RLIN) | 86768 |
| 650 26 - ASIENTO SECUNDARIO DE MATERIA - TERMINO TEMATICO | |
| Término temático o nombre geográfico como elemento de entrada | Industria maderera |
| Subdivisión general | Aspectos ambientales |
| Subdivisión geográfica | Indonesia |
| 9 (RLIN) | 86769 |
| 650 26 - ASIENTO SECUNDARIO DE MATERIA - TERMINO TEMATICO | |
| Término temático o nombre geográfico como elemento de entrada | Industria de la pasta y el papel |
| Subdivisión general | Aspectos ambientales |
| Subdivisión geográfica | Indonesia |
| 9 (RLIN) | 86770 |
| 650 26 - ASIENTO SECUNDARIO DE MATERIA - TERMINO TEMATICO | |
| Término temático o nombre geográfico como elemento de entrada | Liberalización del intercambio |
| Subdivisión geográfica | Indonesia |
| 9 (RLIN) | 86771 |
| 710 2# - ASIENTO SECUNDARIO - NOMBRE CORPORATIVO | |
| Nombre corporativo o de jurisdicción como elemento de entrada | United Nations Environment Programme |
| 9 (RLIN) | 8871 |
| 942 ## - ELEMENTOS ADICIONALES (KOHA) | |
| Sistema de clasificación | Dewey Decimal Classification |
| Tipo de ítem | Libro |
| Withdrawn status | Lost status | Sistema de Clasificación | Damaged status | No para préstamo | Colección | Inventariado | Ubicación Permanente | Ubicación actual | Fecha de adquisición | Fuente de Valor | Valor | Total Checkouts | Número topográfico | Inventario / Código de Barras | Date last seen | Ejemplar | Price effective from | Forma de adquisición | Tipo de material |
|---|---|---|---|---|---|---|---|---|---|---|---|---|---|---|---|---|---|---|---|
| Dewey Decimal Classification | General | Inventariado 2017 | Sala Fabio Quevedo | Sala Fabio Quevedo | 30/01/2007 | Instituto | 60000.00 | LB-333.72068 S96u | 023956 | 04/12/2012 | Ej. 1 | 04/12/2012 | Donación | Libro |